000
00483nam a2200145Ia 4500
008
100122s9999 xx 000 0 und d
082
_b
1270
_a
823
100
_a
आपटे ह ना
245
_a
केवळ स्वराज्यासाठी
260
_b
प्रकाशक शोधणे
_c
1924
300
_a
55
630
_a
केवळ स्वराज्यासाठी
730
_a
केवळ स्वराज्यासाठी
942
_c
BOOK
999
_c
396045
_d
396042